000 00629nam a22002297a 4500
001 023
003 DO-SdBNP
005 20250829132457.0
007 023
008 150929b 2011 xxc a |||| 00| 0 spa d
020 _a9781894551205
040 _aBPMSU
_bspa
_cBPMSU
100 1 _aSzwarberg, Sergio
245 _aPrincesas de ensueƱo
_bDisney princesa /
260 _a[Quebec] :
_bDisney enterprises,
_bLexus,
_c2011.
300 _a10 p.
_bil.
_c20 cm.
500 _aContiene 5 rompecabezas de 9 piezas en goma EVA.
910 _a202
942 _2ddc
_cBK
945 _aInventariado, 2018/ YL
956 _aYLOCKWARD
_b10
_cBPMSU
999 _c8309
_d8309